00667nai a2200169Ia 4500003000900000008004100009022002200050022002300072040001600095245006100111260008600172310001200258362002900270521006900299650003900368856009000407IN-BaIIA211028c9999 xx s 000 0 eng d a0096-1973 (Print) a1558-3643 (Online) cIIA Library 0aIRE Transactions on Antennas and Propagationh[eJournal] aNew York, USAbThe Institute of Electrical and Electronics Engineers, Inc. (IEEE) aMonthly a3(2); 1955 - 10(6); 1962 bSubscribed through National Knowledge Resource Consortium (NKRC) aFields, Waves and Electromagnetics uhttps://ieeexplore.ieee.org/servlet/opac?punumber=8234yClick Here to Access eJournal